Τ'αποτυπώματα

Αποθηκεύτηκε σε:
Λεπτομέρειες βιβλιογραφικής εγγραφής
Κύριος συγγραφέας: Παναγίδης, Ανδρέας Αν., 1936-
Μορφή: Βιβλίο
Γλώσσα:Greek
Δημοσίευση: Λευκωσία : Επιφανίου, 2007
Θέματα:
Ετικέτες: Προσθήκη ετικέτας
Δεν υπάρχουν, Καταχωρήστε ετικέτα πρώτοι!

MARC

LEADER 00000cam a2200000 i 4500
001 1/22337
008 120806s2007 gre d
020 |a 978-9963-666-56-0 
035 |l 10113039 
040 |a GR-MY-UA  |b gre  |e aacr 
041 0 |a gre 
082 0 |a 889.3  |2 (22) 
100 1 |a Παναγίδης, Ανδρέας Αν.,   |d 1936- 
245 1 0 |a Τ'αποτυπώματα /  |c Ανδρέας Αναστασίου Παναγίδης 
260 |a Λευκωσία :   |b Επιφανίου,   |c 2007 
300 |a 251 σ.;  |c 21 εκ. 
650 0 0 |a Cyprian literature. 
650 0 0 |a Greek literature, Modern  |z Cyprus. 
650 0 0 |a Greek prose literature. 
852 |a INST  |b RHODES  |e 20120806  |h 889.3 ΠΑΝ  |p 005400034466  |q 005400034466  |t BK  |y 0 
901 |a BIBL4-2012-2 
909 |a Ρ  |b 171099 
922 |a 4ΕΛΗ 
970 |z 2012/08/06